000 00348 a2200145 4500
005 20250627075524.0
020 _a0297786458
082 _a336.091724 PRE
100 _aPREST,A.R.
245 _aPublic Finance in Developing Countries
250 _a3rd Ed.
260 _aLondon.
_bELBS
_c1985
300 _axiii,236p.
_bindex
_c21cm.
942 _2ddc
_cBKS
999 _c5536
_d5536